Statistics for 2015 College Football AP Top 25 Final

Click here to take the quiz!

General Stats

  • This quiz has been taken 29 times
  • The average score is 17 of 25

Answer Stats

HintAnswer% Correct
SECAlabama
100%
ACCClemson
100%
Big TenMichigan
96%
Big TenOhio State
96%
SECFlorida
88%
Big 12Oklahoma
88%
Pac-12Oregon
88%
Big TenMichigan State
83%
ACCFlorida State
79%
SECLSU
79%
Ind.Notre Dame
79%
Pac-12Stanford
75%
Big 12Oklahoma State
71%
Big TenWisconsin
71%
Big TenIowa
67%
SECOle Miss
63%
Big 12TCU
63%
SECTennessee
54%
Big 12Baylor
50%
Pac-12Utah
46%
Big TenNorthwestern
38%
AACHouston
33%
ACCNorth Carolina
29%
AACNavy
17%
Sun BeltWestern Kentucky
8%

Score Distribution

Percentile by Number Answered

Percent of People with Each Score

Your Score History

You have not taken this quiz